00570nam a2200169Ia 4500008004100000020001800041022001500059040001300074082001400087245008000101260004800181300003800229500006300267650003100330700001900361700002000380191130s2006##################000#0#eng## a9780521717991 a2005032565 aACLcACL a420.9 HOG aA history of the English languagecedited by Richard Hogg and David Denison aCambridgebCambridge University Pressc2006 axiii, 495 p. : ill., maps ; 26 cm aIncludes bibliographical references (p. 440-478) and index aEnglish language - History aDenison, David aHogg, Richard M